[Event "SR 2. liga A 2012/2013"]
[Site "?"]
[Date "2012.12.15"]
[Round "30.8"]
[White "Horvath, Marek"]
[Black "Hanzluvka, Peter"]
[Result "1/2-1/2"]
[WhiteElo "1830"]
[BlackElo "2032"]
[PlyCount "81"]
[EventDate "2012.??.??"]
[WhiteTeam "Modra B"]
[BlackTeam "Osuske B"]

1. Nf3 c5 2. c4 Nf6 3. b3 e6 4. Bb2 Nc6 5. e3 Be7 6. Be2 O-O 7. O-O d5 8. d4
Qc7 9. Nc3 Rd8 10. Qb1 a6 11. Rd1 cxd4 12. exd4 b6 13. Na4 h6 14. Qc1 Bd7 15.
Ne5 dxc4 16. Bf3 Rac8 17. Nxd7 Rxd7 18. bxc4 Rcd8 19. Qe3 Nb4 20. Qc3 Nc6 21.
c5 Nxd4 22. Nxb6 Nxf3+ 23. Qxf3 Rxd1+ 24. Rxd1 Rxd1+ 25. Qxd1 Qxc5 26. Bxf6
gxf6 27. Qb1 Bd6 28. Nd7 Qd4 29. g3 Bc7 30. Nb8 Bb6 31. Qc2 a5 32. Nc6 Qd6 33.
a4 e5 34. Qc4 Qc7 35. Qb5 Kf8 36. Kf1 h5 37. h4 Kg7 38. Kg2 Qb7 39. Kf1 Qc7 40.
Kg2 Kf8 41. Kf1 1/2-1/2

[Event "SR 2. liga A 2012/2013"]
[Site "?"]
[Date "2012.12.16"]
[Round "31.1"]
[White "Rohacek, Miroslav"]
[Black "Hajek, Lukas"]
[Result "1-0"]
[WhiteElo "2308"]
[BlackElo "2155"]
[PlyCount "73"]
[EventDate "2012.??.??"]
[WhiteTeam "KSN"]
[BlackTeam "Doprastav C"]

1. Nf3 Nf6 2. c4 g6 3. Nc3 d5 4. Qa4+ Bd7 5. Qb3 dxc4 6. Qxc4 a6 7. Ng5 e6 8.
d4 h6 9. Nf3 Bc6 10. Ne5 b5 11. Nxc6 Qd6 12. Qb3 Nxc6 13. e3 Bg7 14. Be2 O-O
15. O-O Na5 16. Qd1 c5 17. Bf3 Rac8 18. Ne2 Rfd8 19. Bd2 Nc6 20. Bxc6 Rxc6 21.
Ba5 Rd7 22. Rc1 c4 23. Qc2 Nd5 24. Rfd1 Nb4 25. Bxb4 Qxb4 26. Rd2 Rcd6 27. Rcd1
e5 28. d5 Rxd5 29. Nc3 Rd3 30. Rxd3 Rxd3 31. Rxd3 cxd3 32. Qxd3 Qxb2 33. h4 b4
34. Nd5 Qxa2 35. h5 b3 36. Ne7+ Kh8 37. Qd8+ 1-0

[Event "SR 2. liga A 2012/2013"]
[Site "?"]
[Date "2012.12.16"]
[Round "31.3"]
[White "Kralovic, Andrej"]
[Black "Petrik, Stanislav"]
[Result "0-1"]
[WhiteElo "2139"]
[BlackElo "2171"]
[PlyCount "105"]
[EventDate "2012.??.??"]
[WhiteTeam "KSN"]
[BlackTeam "Doprastav C"]

1. e4 c5 2. Nf3 Nc6 3. Bb5 g6 4. Bxc6 bxc6 5. O-O Nf6 6. e5 Nd5 7. c4 Nc7 8. d4
Bg7 9. dxc5 Ne6 10. Be3 Qa5 11. Qd2 Qa6 12. b3 O-O 13. Bh6 f6 14. Bxg7 Kxg7 15.
Nc3 Nxc5 16. exf6+ exf6 17. Rfe1 Rf7 18. Re8 d5 19. cxd5 cxd5 20. Qd4 Nxb3 21.
axb3 Qxa1+ 22. Re1 Qa5 23. h4 Bf5 24. h5 Rc8 25. Re3 Qc5 26. Qf4 Rd8 27. Nd4
Bc8 28. h6+ Kf8 29. Nce2 Qd6 30. Qf3 Re8 31. Rc3 Qe5 32. Rc6 Bb7 33. Rc3 Qg5
34. Qh3 f5 35. Qd3 Qxh6 36. Nf3 Rfe7 37. Rc2 Qg7 38. Kh2 d4 39. Nfxd4 Be4 40.
Qc4 Bxc2 41. Qxc2 Qe5+ 42. f4 Qd5 43. Qb2 Kg8 44. Ng3 Re3 45. b4 Qc4 46. b5 h5
47. b6 h4 48. Nh1 a5 49. b7 Qc7 50. Qa2+ Kg7 51. Qf2 R3e4 52. Nf3 Qxf4+ 53. Kh3
0-1

[Event "SR 2. liga A 2012/2013"]
[Site "?"]
[Date "2012.12.16"]
[Round "31.4"]
[White "Petrik, Karol"]
[Black "Kimerling, Martin"]
[Result "1-0"]
[WhiteElo "2091"]
[BlackElo "2027"]
[PlyCount "95"]
[EventDate "2012.??.??"]
[WhiteTeam "Doprastav C"]
[BlackTeam "KSN"]

1. e4 c5 2. Ne2 d6 3. g3 g6 4. Bg2 Bg7 5. O-O Nc6 6. d3 e6 7. c3 Nge7 8. Be3
O-O 9. Qc2 a6 10. a4 Qc7 11. Nd2 f5 12. f3 Ne5 13. Kh1 Bd7 14. f4 Ng4 15. Bg1
Rad8 16. h3 Nf6 17. Nc4 Bc6 18. Ne3 fxe4 19. dxe4 d5 20. exd5 exd5 21. Kh2 Kh8
22. Ng4 Nxg4+ 23. hxg4 d4 24. cxd4 Bxg2 25. Kxg2 Qc6+ 26. Kh2 cxd4 27. Qd3 Qd7
28. Qf3 Nc6 29. f5 d3 30. Nc3 gxf5 31. gxf5 Rf6 32. Ne4 Rh6+ 33. Kg2 Ne5 34.
Qe3 Ng4 35. Qf4 Nf6 36. Nc5 Qd5+ 37. Qf3 Rc8 38. Qxd5 Nxd5 39. Nxd3 Rc2+ 40.
Kf3 Rhc6 41. Rf2 Kg8 42. Rxc2 Rxc2 43. Rd1 Rc4 44. Nc5 Nb4 45. Rd8+ Kf7 46.
Rd7+ Kg8 47. Ne4 Bxb2 48. f6 1-0

[Event "SR 2. liga A 2012/2013"]
[Site "?"]
[Date "2012.12.16"]
[Round "31.5"]
[White "Sebo, Viktor"]
[Black "Polacik, Igor"]
[Result "0-1"]
[WhiteElo "2073"]
[BlackElo "2172"]
[PlyCount "96"]
[EventDate "2012.??.??"]
[WhiteTeam "KSN"]
[BlackTeam "Doprastav C"]

1. e4 e5 2. Nf3 Nc6 3. Nc3 Nf6 4. d4 exd4 5. Nxd4 Bb4 6. Nxc6 bxc6 7. Bd3 d5 8.
exd5 cxd5 9. O-O O-O 10. Bg5 c6 11. Qf3 Be7 12. h3 h6 13. Bh4 Rb8 14. b3 Rb4
15. Bg3 Bd6 16. Bxd6 Qxd6 17. Rfe1 Nh7 18. Ne2 f5 19. a3 Ng5 20. Qh5 Rb8 21.
Nd4 Qf6 22. Nf3 Ne4 23. Nh4 Kh7 24. Nf3 Bd7 25. Nh2 Rbe8 26. Bxe4 fxe4 27. Qe2
Rf7 28. Rf1 Ref8 29. Ng4 Qg5 30. Qe3 Qh5 31. Qg3 Bxg4 32. hxg4 Qg5 33. Rae1 Rf4
34. f3 Qe5 35. Qf2 d4 36. g3 Rxg4 37. fxg4 Rxf2 38. Kxf2 e3+ 39. Kf3 Qd5+ 40.
Ke2 Qe4 41. Rc1 c5 42. g5 h5 43. Rh1 Kg6 44. Rhd1 Kxg5 45. c3 Qg4+ 46. Kd3 Qf5+
47. Ke2 Qf2+ 48. Kd3 e2 0-1

[Event "SR 2. liga A 2012/2013"]
[Site "?"]
[Date "2012.12.16"]
[Round "31.6"]
[White "Krajnak, Robert"]
[Black "Sklars, Tomas"]
[Result "1-0"]
[WhiteElo "2075"]
[BlackElo "2003"]
[PlyCount "89"]
[EventDate "2012.??.??"]
[WhiteTeam "Doprastav C"]
[BlackTeam "KSN"]

1. c4 Nf6 2. Nc3 g6 3. g3 Bg7 4. Bg2 d6 5. Nf3 O-O 6. d3 c6 7. O-O Bg4 8. h3
Bxf3 9. Bxf3 Nbd7 10. Rb1 Qc7 11. b4 e5 12. Bg5 h6 13. Bd2 Kh7 14. Bg2 Ng8 15.
e4 Ne7 16. f4 f5 17. Ne2 Nf6 18. Bc3 Rfd8 19. Qc2 Qd7 20. Rbd1 Qe6 21. Qb2 Ne8
22. Kh2 Rd7 23. c5 exf4 24. Nxf4 Qf7 25. d4 Rad8 26. d5 cxd5 27. exd5 Bxc3 28.
Qxc3 Ng7 29. c6 Rc7 30. b5 g5 31. Ne2 Re8 32. Rf2 Nh5 33. Qd3 Nf6 34. Nc3 Qh5
35. Kg1 Kg8 36. a4 b6 37. a5 Nc8 38. axb6 Nxb6 39. Rxf5 Rf7 40. Rdf1 Kg7 41.
Qd4 Ref8 42. Ne4 Qg6 43. Nxd6 Re7 44. Ne4 Ref7 45. d6 1-0

[Event "SR 2. liga A 2012/2013"]
[Site "?"]
[Date "2012.12.16"]
[Round "31.7"]
[White "Vrtiakova, Anna"]
[Black "Habrovsky, Richard"]
[Result "1/2-1/2"]
[WhiteElo "1699"]
[BlackElo "1970"]
[PlyCount "57"]
[EventDate "2012.??.??"]
[WhiteTeam "KSN"]
[BlackTeam "Doprastav C"]

1. e4 c5 2. Nf3 Nc6 3. Bb5 g6 4. O-O Bg7 5. c3 Nf6 6. Re1 O-O 7. d4 cxd4 8.
cxd4 d6 9. Nc3 Bg4 10. Bxc6 bxc6 11. h3 Bxf3 12. Qxf3 Nd7 13. Qd3 Rb8 14. Rb1
c5 15. Be3 Qa5 16. Rec1 cxd4 17. Bxd4 Ne5 18. Bxe5 Bxe5 19. b3 Bxc3 20. Qxc3
Qxa2 21. Ra1 Qxb3 22. Qxb3 Rxb3 23. Rxa7 e6 24. Rd7 Rd3 25. Rc6 d5 26. exd5
exd5 27. Rcd6 Rd2 28. f3 Re8 29. Rxd5 1/2-1/2

[Event "SR 2. liga A 2012/2013"]
[Site "?"]
[Date "2012.12.16"]
[Round "31.8"]
[White "Farkas, Vladimir"]
[Black "Sahidi, Samir"]
[Result "0-1"]
[WhiteElo "1898"]
[BlackElo "1674"]
[PlyCount "56"]
[EventDate "2012.??.??"]
[WhiteTeam "Doprastav C"]
[BlackTeam "KSN"]

1. e4 c5 2. Nf3 Nc6 3. d4 cxd4 4. Nxd4 Nf6 5. Nc3 e6 6. Bg5 Be7 7. Nb3 Nxe4 8.
Nxe4 Bxg5 9. Nd6+ Kf8 10. c3 Be7 11. f4 Qc7 12. Nxc8 Rxc8 13. Qd2 g6 14. O-O-O
d5 15. Kb1 h5 16. Be2 Kg7 17. g4 hxg4 18. Bxg4 Rh4 19. h3 f5 20. Rhg1 fxg4 21.
hxg4 Rf8 22. Rdf1 Qd7 23. Qe3 e5 24. fxe5 Rxf1+ 25. Rxf1 Qxg4 26. Nd2 Qe6 27.
Nf3 Re4 28. Qf2 Qf5 0-1

[Event "SR 2. liga A 2012/2013"]
[Site "?"]
[Date "2012.12.16"]
[Round "32.1"]
[White "Janos, Martin"]
[Black "Duben, Igor"]
[Result "1/2-1/2"]
[WhiteElo "2230"]
[BlackElo "2180"]
[PlyCount "22"]
[EventDate "2012.??.??"]
[WhiteTeam "DP BA"]
[BlackTeam "DNV B"]

1. d4 d5 2. Nf3 Nf6 3. g3 g6 4. Bg2 Bg7 5. O-O O-O 6. Nbd2 Bf5 7. c4 c6 8. Re1
Ne4 9. Qb3 Qb6 10. e3 Nxd2 11. Nxd2 e6 1/2-1/2

[Event "SR 2. liga A 2012/2013"]
[Site "?"]
[Date "2012.12.16"]
[Round "32.3"]
[White "Kleman, Miroslav"]
[Black "Svaralova, Monika"]
[Result "1/2-1/2"]
[WhiteElo "2187"]
[BlackElo "2021"]
[PlyCount "80"]
[EventDate "2012.??.??"]
[WhiteTeam "DP BA"]
[BlackTeam "DNV B"]

1. e4 e6 2. d3 d5 3. Nd2 Nf6 4. Ngf3 b6 5. g3 Be7 6. Bg2 Bb7 7. Qe2 dxe4 8.
dxe4 Ba6 9. c4 Nc6 10. O-O e5 11. Rd1 O-O 12. Nf1 Qc8 13. b3 h6 14. Bb2 Qe6 15.
Ne3 Rad8 16. Nd5 Bd6 17. a3 Ne7 18. Qc2 c6 19. Ne3 Bc8 20. Rd2 Bc7 21. Rad1
Rxd2 22. Rxd2 Nh7 23. Qc3 f6 24. Nh4 Rd8 25. Nhf5 Ng5 26. h4 Rxd2 27. Qxd2 Nf7
28. Bh3 Kh7 29. Qb4 Nd6 30. Nxd6 Qxh3 31. Nxc8 Nxc8 32. Qf8 Qd7 33. Nf5 Bd6 34.
Nxd6 Nxd6 35. f3 Nxe4 36. fxe4 Qd1+ 37. Kg2 Qc2+ 38. Kh3 Qxb2 39. Qc8 Qxa3 40.
Qf5+ Kg8 1/2-1/2

[Event "SR 2. liga A 2012/2013"]
[Site "?"]
[Date "2012.12.16"]
[Round "32.4"]
[White "Szollos, Ondrej"]
[Black "Janos, Jozef"]
[Result "0-1"]
[WhiteElo "1979"]
[BlackElo "2152"]
[PlyCount "74"]
[EventDate "2012.??.??"]
[WhiteTeam "DNV B"]
[BlackTeam "DP BA"]

1. Nf3 Nf6 2. g3 g6 3. Bg2 Bg7 4. O-O O-O 5. Re1 d6 6. c3 e5 7. e4 c5 8. d3 Nc6
9. Nbd2 h6 10. a4 a6 11. Nc4 Be6 12. Bd2 Qc7 13. Ne3 b5 14. Qc2 Rfc8 15. Rec1
Na5 16. c4 bxc4 17. Bxa5 Qxa5 18. Nxc4 Qc7 19. Nfd2 Rab8 20. a5 Nd7 21. Rcb1
Rb4 22. h4 h5 23. Kh2 Bh6 24. Bh3 Rf8 25. Ra4 Rb5 26. b4 Rfb8 27. Bxe6 fxe6 28.
Na3 R5b7 29. bxc5 Qxc5 30. Ndc4 Rxb1 31. Nxb1 d5 32. d4 Qc6 33. Nba3 dxc4 34.
Rxc4 Qd6 35. Qc3 exd4 36. Rxd4 Qc5 37. Qd3 Ne5 0-1

[Event "SR 2. liga A 2012/2013"]
[Site "?"]
[Date "2012.12.16"]
[Round "32.6"]
[White "Jurcak, Marian"]
[Black "Fabry, Robert"]
[Result "0-1"]
[WhiteElo "1872"]
[BlackElo "2165"]
[PlyCount "98"]
[EventDate "2012.??.??"]
[WhiteTeam "DNV B"]
[BlackTeam "DP BA"]

1. d4 Nf6 2. c4 e6 3. Nf3 d5 4. Nc3 Nbd7 5. Bf4 c6 6. cxd5 exd5 7. h3 Bb4 8. a3
Ba5 9. b4 Bc7 10. Bxc7 Qxc7 11. e3 O-O 12. Bd3 Re8 13. Qc2 Qd6 14. O-O h6 15.
Nh4 Nf8 16. Nf5 Qd8 17. Rfc1 Ne4 18. Nxe4 Bxf5 19. Nf6+ Qxf6 20. Bxf5 Ne6 21.
Bxe6 Rxe6 22. Qd3 a6 23. Rc3 Qh4 24. Qf1 Rg6 25. g3 Qe7 26. Rac1 h5 27. Kh2 Re8
28. Qd3 Qd6 29. Qf1 h4 30. Qg2 Ree6 31. Rg1 hxg3+ 32. fxg3 Qe7 33. Re1 Re4 34.
Re2 Rge6 35. Qf3 Rxd4 36. exd4 Rxe2+ 37. Kg1 Re4 38. Rd3 Qg5 39. Kg2 f5 40. Qf2
f4 41. Rf3 Qe7 42. Kf1 fxg3 43. Rxg3 Qh4 44. Qg2 Qf6+ 45. Rf3 Qxd4 46. Qg6 Qa1+
47. Kg2 Re2+ 48. Rf2 Rxf2+ 49. Kxf2 Qf6+ 0-1

[Event "SR 2. liga A 2012/2013"]
[Site "?"]
[Date "2012.12.16"]
[Round "32.7"]
[White "Mikulas, Dusan"]
[Black "Galan, Anton"]
[Result "1-0"]
[WhiteElo "2102"]
[BlackElo "1809"]
[PlyCount "69"]
[EventDate "2012.??.??"]
[WhiteTeam "DP BA"]
[BlackTeam "DNV B"]

1. e4 Nf6 2. e5 Nd5 3. Bc4 Nb6 4. Bb3 c5 5. d3 d5 6. exd6 exd6 7. Nf3 Be7 8.
O-O O-O 9. c3 d5 10. d4 c4 11. Bc2 Bg4 12. Re1 Nc6 13. Nbd2 Qd6 14. Nf1 f5 15.
h3 Bh5 16. Ng3 Bg6 17. Ne5 Nxe5 18. dxe5 Qe6 19. f4 Nd7 20. Ne2 Bh5 21. Qd2
Bxe2 22. Qxe2 Nc5 23. g4 g6 24. gxf5 gxf5 25. Kh2 Kh8 26. Be3 Qh6 27. Rad1 Rad8
28. Rg1 b6 29. Qf3 Ne4 30. Bd4 Rfe8 31. Bxe4 fxe4 32. Qg3 Rf8 33. e6+ Bf6 34.
e7 Bxd4 35. Rxd4 1-0

[Event "SR 2. liga A 2012/2013"]
[Site "?"]
[Date "2012.12.16"]
[Round "32.8"]
[White "Juhas, Jan"]
[Black "Klimes, Milan"]
[Result "0-1"]
[WhiteElo "1782"]
[BlackElo "1871"]
[PlyCount "70"]
[EventDate "2012.??.??"]
[WhiteTeam "DNV B"]
[BlackTeam "DP BA"]

1. d4 Nf6 2. c4 g6 3. Nc3 Bg7 4. Nf3 O-O 5. Bf4 d6 6. e4 c6 7. Be2 Nh5 8. Be3
e5 9. d5 f5 10. Bg5 Nf6 11. exf5 gxf5 12. Qd2 c5 13. O-O Bd7 14. Qc2 Na6 15. a3
Nc7 16. Rad1 Qe8 17. Bxf6 Bxf6 18. Rfe1 Qg6 19. Bf1 Rae8 20. g3 a6 21. Na4 Bxa4
22. Qxa4 Re7 23. b4 b6 24. Qc6 Ne8 25. Qxb6 e4 26. Nd2 Bd4 27. Nb3 Bxf2+ 28.
Kxf2 f4 29. gxf4 Rxf4+ 30. Ke2 e3 31. Rc1 Rf2+ 32. Kd1 Rxf1 33. Rxf1 e2+ 34.
Kd2 exf1=Q 35. Rxf1 Qg2+ 0-1

[Event "SR 2. liga A 2012/2013"]
[Site "?"]
[Date "2012.12.16"]
[Round "33.1"]
[White "Peitl, Tomas"]
[Black "Dolnak, Michal"]
[Result "1/2-1/2"]
[WhiteElo "2220"]
[BlackElo "2115"]
[PlyCount "87"]
[EventDate "2012.??.??"]
[WhiteTeam "DNV A"]
[BlackTeam "Krasnany"]

1. e4 e5 2. Nf3 Nc6 3. Bb5 Nf6 4. O-O Nxe4 5. d4 Nd6 6. Bxc6 dxc6 7. dxe5 Nf5
8. Qxd8+ Kxd8 9. Nc3 Ke8 10. Bg5 h6 11. Bf4 Be6 12. Ne4 b6 13. h3 Rd8 14. Rad1
c5 15. Rxd8+ Kxd8 16. Rd1+ Kc8 17. g4 Ne7 18. Nc3 Nc6 19. a3 Be7 20. Nd5 Bd8
21. Kg2 Nd4 22. Ne3 Nxf3 23. Kxf3 h5 24. Kg2 Be7 25. Bg3 hxg4 26. hxg4 Rd8 27.
Rxd8+ Kxd8 28. f4 g6 29. c4 Bd7 30. Kf3 Bc6+ 31. Nd5 a5 32. Ke4 Kd7 33. Kd3 Bd8
34. f5 gxf5 35. gxf5 a4 36. Bf4 Bb7 37. Nc3 Bc6 38. Kc2 Bh4 39. e6+ fxe6 40.
fxe6+ Kxe6 41. Bxc7 Be1 42. Bxb6 Bxc3 43. Kxc3 Kd6 44. Bd8 1/2-1/2

[Event "SR 2. liga A 2012/2013"]
[Site "?"]
[Date "2012.12.16"]
[Round "33.2"]
[White "Slacky, Stanislav"]
[Black "Oprea, Erik"]
[Result "0-1"]
[WhiteElo "2198"]
[BlackElo "2125"]
[PlyCount "88"]
[EventDate "2012.??.??"]
[WhiteTeam "Krasnany"]
[BlackTeam "DNV A"]

1. d4 c5 2. Nf3 cxd4 3. Nxd4 Nc6 4. c4 d6 5. g3 Nf6 6. Bg2 Bd7 7. O-O g6 8. Nc3
Bg7 9. Nb3 Qc8 10. c5 dxc5 11. Nxc5 Bh3 12. Bf4 O-O 13. Rc1 Rd8 14. Nd3 h6 15.
Qb3 Bxg2 16. Kxg2 Nd4 17. Qb4 Qc6+ 18. f3 a5 19. Qc5 Qa6 20. Ne5 e6 21. Rfe1 g5
22. Be3 Nf5 23. Bf2 Nd5 24. e4 Rac8 25. Qa3 Nfe3+ 26. Kg1 Nxc3 27. bxc3 Bxe5
28. Rxe3 Bd6 29. Qb2 Bc5 30. Re2 Bxf2+ 31. Kxf2 Rd3 32. c4 Rxc4 33. Rxc4 Qxc4
34. Qxb7 Qd4+ 35. Kg2 Rd1 36. Qb8+ Kg7 37. Qb7 Qg1+ 38. Kh3 Qf1+ 39. Rg2 Qxf3
40. Rb2 h5 41. e5 Rd5 42. a4 Qf1+ 43. Rg2 Qf5+ 44. g4 Qf3+ 0-1

[Event "SR 2. liga A 2012/2013"]
[Site "?"]
[Date "2012.12.16"]
[Round "33.3"]
[White "Hricak, Vasil"]
[Black "Bronis, Marian"]
[Result "1/2-1/2"]
[WhiteElo "2124"]
[BlackElo "2165"]
[PlyCount "28"]
[EventDate "2012.??.??"]
[WhiteTeam "DNV A"]
[BlackTeam "Krasnany"]

1. e4 c5 2. d4 cxd4 3. c3 d5 4. exd5 Qxd5 5. cxd4 g6 6. Nc3 Qa5 7. Nf3 Bg7 8.
Bc4 Nf6 9. Ne5 O-O 10. Qb3 e6 11. O-O Nc6 12. Nxc6 bxc6 13. Bf4 Nd5 14. Be5 Ba6
1/2-1/2

[Event "SR 2. liga A 2012/2013"]
[Site "?"]
[Date "2012.12.16"]
[Round "33.4"]
[White "Biro, Karol"]
[Black "Sosovicka, Juraj"]
[Result "1-0"]
[WhiteElo "2156"]
[BlackElo "2089"]
[PlyCount "131"]
[EventDate "2012.??.??"]
[WhiteTeam "Krasnany"]
[BlackTeam "DNV A"]

1. c4 e5 2. Nc3 Nf6 3. g3 d5 4. cxd5 Nxd5 5. Bg2 Nb6 6. Nf3 Nc6 7. d3 Be7 8.
O-O O-O 9. Be3 Be6 10. Ne4 Nd5 11. Bc5 f6 12. Bxe7 Ncxe7 13. Nc5 Bf7 14. Nxb7
Qb8 15. Nc5 Qxb2 16. Qc1 Qxc1 17. Rfxc1 Rfd8 18. d4 exd4 19. Nxd4 Rab8 20. e3
Rd6 21. Bh3 Rb2 22. a3 Ng6 23. Na4 Rb8 24. Nf5 Ra6 25. Nc5 Rc6 26. Bg2 Rb5 27.
Nd4 Rcxc5 28. Nxb5 Rxb5 29. e4 Nb6 30. Rxc7 a5 31. Rb7 Rb2 32. Bf1 Nc4 33. Ra7
Nd2 34. Ra8+ Nf8 35. Rc1 Rb1 36. Rxb1 Nxb1 37. Rxa5 Nd2 38. Bd3 Bg6 39. Ra4
Nf3+ 40. Kf1 Nxh2+ 41. Kg2 Ng4 42. Bc4+ Bf7 43. Bxf7+ Kxf7 44. Ra7+ Kg6 45. a4
Ne5 46. f4 Nc6 47. Rc7 Nb8 48. a5 Kh6 49. Rb7 Na6 50. f5 Nc5 51. Rc7 Nfd7 52.
a6 Nxa6 53. Rxd7 Nc5 54. Re7 Nd3 55. Kf3 Ne5+ 56. Kf4 Nd3+ 57. Kg4 Ne5+ 58. Kh3
Nc6 59. Re6 Nd4 60. Rd6 Nf3 61. Kg4 Ne5+ 62. Kf4 Nc4 63. Re6 g5+ 64. Kf3 Ne5+
65. Rxe5 fxe5 66. Kg4 1-0

[Event "SR 2. liga A 2012/2013"]
[Site "?"]
[Date "2012.12.16"]
[Round "33.5"]
[White "Sosovicka, Matej"]
[Black "Kebis, Milos"]
[Result "1-0"]
[WhiteElo "2001"]
[BlackElo "2002"]
[PlyCount "71"]
[EventDate "2012.??.??"]
[WhiteTeam "DNV A"]
[BlackTeam "Krasnany"]

1. e4 e5 2. Nf3 Nc6 3. Bb5 Nf6 4. O-O d6 5. Re1 Be7 6. c3 O-O 7. h3 Bd7 8. d4
a6 9. Ba4 b5 10. Bb3 exd4 11. cxd4 Na5 12. Bc2 Bc6 13. Nbd2 Re8 14. Nf1 Bf8 15.
Ng3 g6 16. b3 Bg7 17. Qd2 Nb7 18. Bb2 Bd7 19. Rad1 h6 20. Bb1 a5 21. a3 Be6 22.
d5 Bd7 23. e5 dxe5 24. Nxe5 Nd6 25. Qd3 Re7 26. Re2 Be8 27. Rde1 a4 28. b4 Qc8
29. Qf3 Nh7 30. Qd3 Nf6 31. Nxg6 Rxe2 32. Ne7+ Rxe7 33. Rxe7 Kf8 34. Re1 Qb7
35. Bxf6 Bxf6 36. Nh5 1-0

[Event "SR 2. liga A 2012/2013"]
[Site "?"]
[Date "2012.12.16"]
[Round "33.6"]
[White "Povysil, Peter"]
[Black "Macka, Oto"]
[Result "1/2-1/2"]
[WhiteElo "1993"]
[BlackElo "2027"]
[PlyCount "52"]
[EventDate "2012.??.??"]
[WhiteTeam "Krasnany"]
[BlackTeam "DNV A"]

1. Nf3 Nf6 2. e3 d5 3. Be2 Bg4 4. c4 c6 5. Nc3 e6 6. b3 Nbd7 7. Bb2 Bd6 8. h3
Bh5 9. cxd5 exd5 10. d4 O-O 11. Bd3 Qe7 12. Qc2 Bg6 13. Bxg6 fxg6 14. O-O Rae8
15. Rae1 Bb8 16. Nd2 Qd6 17. f4 g5 18. e4 dxe4 19. Ncxe4 Qc7 20. Nxg5 Rxe1 21.
Rxe1 Qxf4 22. Ndf3 Qd6 23. Re6 Qd5 24. Re7 Qd6 25. Re6 Qd5 26. Re7 Qd6 1/2-1/2

[Event "SR 2. liga A 2012/2013"]
[Site "?"]
[Date "2012.12.16"]
[Round "33.7"]
[White "Karas, Marek"]
[Black "Mandak, Miroslav"]
[Result "1/2-1/2"]
[WhiteElo "1951"]
[BlackElo "1973"]
[PlyCount "73"]
[EventDate "2012.??.??"]
[WhiteTeam "DNV A"]
[BlackTeam "Krasnany"]

1. d4 Nf6 2. c4 d6 3. Nc3 g6 4. e4 Bg7 5. Nf3 O-O 6. Be2 e5 7. Be3 Ng4 8. Bg5
f6 9. Bh4 Nc6 10. h3 Nh6 11. dxe5 dxe5 12. Qd5+ Nf7 13. O-O-O Qe8 14. Kb1 Be6
15. Qd2 Nd6 16. c5 Nc8 17. Nd5 Qf7 18. Bc4 Nd8 19. Qc2 b5 20. Bb3 c6 21. g4 a5
22. Ne3 a4 23. Bxe6 Nxe6 24. Bg3 Qe7 25. Rc1 Rd8 26. h4 Nd4 27. Nxd4 exd4 28.
Ng2 d3 29. Qd2 Qxe4 30. Nf4 Qe8 31. Rhe1 Qf7 32. Re3 Ne7 33. Rxd3 Rxd3 34. Qxd3
Bh6 35. Re1 Bxf4 36. Bxf4 Nd5 37. Bd2 1/2-1/2

[Event "SR 2. liga A 2012/2013"]
[Site "?"]
[Date "2012.12.16"]
[Round "33.8"]
[White "Faltan, Peter"]
[Black "Kosegi, Marek"]
[Result "1-0"]
[WhiteElo "1975"]
[BlackElo "1879"]
[PlyCount "117"]
[EventDate "2012.??.??"]
[WhiteTeam "Krasnany"]
[BlackTeam "DNV A"]

1. d4 Nf6 2. c4 e6 3. Nf3 b6 4. g3 Ba6 5. e3 Bb7 6. Bg2 Be7 7. O-O O-O 8. Nc3
Ne4 9. Qc2 Nxc3 10. Qxc3 f5 11. b3 Bf6 12. Bb2 c5 13. Rad1 d6 14. Qc1 Qe7 15.
dxc5 bxc5 16. Bxf6 Rxf6 17. Ne1 Bxg2 18. Nxg2 Nc6 19. Qd2 Rd8 20. f4 d5 21. Qe2
d4 22. exd4 Nxd4 23. Qf2 Qb7 24. Rde1 Rf7 25. Re5 Qc6 26. Ne1 Rfd7 27. Qg2
Qxg2+ 28. Kxg2 Rc8 29. Rf2 Kf7 30. Rd2 Kf6 31. Rd3 g5 32. Rde3 gxf4 33. gxf4
Rg7+ 34. Kf2 Rg4 35. Nd3 Rh4 36. h3 Rh6 37. Nxc5 Kf7 38. Rg3 Nc6 39. Re1 Nb4
40. Nd3 Nxd3+ 41. Rxd3 Rc7 42. Red1 Ke7 43. Rg3 Kf7 44. Rd6 Ke7 45. Ra6 Kf7 46.
Ke3 Rg6 47. Rxg6 hxg6 48. Kd4 Kf6 49. h4 Rh7 50. c5 Rxh4 51. Ke3 Rh7 52. b4 Re7
53. b5 g5 54. a4 g4 55. b6 axb6 56. cxb6 g3 57. Kf3 Rg7 58. Kg2 Rg4 59. b7 1-0

[Event "SR 2. liga A 2012/2013"]
[Site "?"]
[Date "2012.12.16"]
[Round "34.1"]
[White "Sipos, Istvan"]
[Black "Rachela, Milan"]
[Result "1-0"]
[WhiteElo "2459"]
[BlackElo "2364"]
[PlyCount "65"]
[EventDate "2012.??.??"]
[WhiteTeam "Gabcikovo"]
[BlackTeam "D. Streda B"]

1. c4 Nf6 2. Nc3 e5 3. Nf3 Nc6 4. e4 Bc5 5. Nxe5 Nxe5 6. d4 Bb4 7. dxe5 Nxe4 8.
Qf3 d5 9. Be2 h5 10. h3 c6 11. O-O Bxc3 12. bxc3 Qa5 13. cxd5 cxd5 14. c4 Be6
15. cxd5 Bxd5 16. Bd3 Ng5 17. Qe2 Ne6 18. Bd2 Qd8 19. Bb5+ Bc6 20. Bxc6+ bxc6
21. Rfd1 Qh4 22. Rac1 Qa4 23. Be3 O-O 24. Rd6 c5 25. Rc4 Qb5 26. Kh2 Rfe8 27.
f4 Rac8 28. f5 Nf8 29. a4 Qb3 30. Rh4 Rxe5 31. Qxh5 f6 32. Rxf6 gxf6 33. Rg4+
1-0

[Event "SR 2. liga A 2012/2013"]
[Site "?"]
[Date "2012.12.16"]
[Round "34.2"]
[White "Takacs, Laszlo"]
[Black "Berczes, Csaba"]
[Result "0-1"]
[WhiteElo "2134"]
[BlackElo "2388"]
[PlyCount "104"]
[EventDate "2012.??.??"]
[WhiteTeam "D. Streda B"]
[BlackTeam "Gabcikovo"]

1. e4 d6 2. d4 Nf6 3. Nc3 Nbd7 4. Nf3 e5 5. dxe5 dxe5 6. Bc4 Bb4 7. O-O O-O 8.
Qe2 Bxc3 9. bxc3 Qe7 10. a4 c5 11. h3 Nb8 12. Bg5 Nc6 13. Rab1 Rb8 14. Bd5 Nd8
15. Qd2 Ne6 16. Bh4 Nf4 17. Rfd1 h6 18. Bxf6 Qxf6 19. Ne1 Qg6 20. Kh2 b6 21. c4
a5 22. Rb3 Nxd5 23. exd5 Qd6 24. Rg3 Bd7 25. Ra1 f5 26. Kh1 f4 27. Rb3 e4 28.
f3 e3 29. Qe2 Rf5 30. Nd3 Rh5 31. Kh2 Qf6 32. Nxc5 Bxh3 33. gxh3 Qxa1 34. Ne4
Qe5 35. Rb1 Kh8 36. d6 Qe6 37. Qg2 Re5 38. c5 Rf8 39. Rg1 g5 40. cxb6 Rxe4 41.
fxe4 f3 42. Qg3 f2 43. Rf1 Qxe4 44. b7 Kg7 45. b8=Q Rxb8 46. d7 Qf4 47. Qxf4
gxf4 48. Rb1 Rxb1 49. d8=Q Rh1+ 50. Kxh1 f1=Q+ 51. Kh2 Qf2+ 52. Kh1 Qe1+ 0-1

[Event "SR 2. liga A 2012/2013"]
[Site "?"]
[Date "2012.12.16"]
[Round "34.3"]
[White "Janko, Ladislav"]
[Black "Jablonicky, Frantisek"]
[Result "1/2-1/2"]
[WhiteElo "2212"]
[BlackElo "2173"]
[PlyCount "46"]
[EventDate "2012.??.??"]
[WhiteTeam "Gabcikovo"]
[BlackTeam "D. Streda B"]

1. e4 c6 2. d4 d5 3. e5 Bf5 4. Nc3 e6 5. g4 Bg6 6. Nge2 h6 7. h4 Nd7 8. h5 Bh7
9. Be3 c5 10. Qd2 Ne7 11. f4 Nc6 12. O-O-O Qa5 13. dxc5 Bxc5 14. Bxc5 Qxc5 15.
Rh3 O-O-O 16. Nd4 Qxd4 17. Qxd4 Nxd4 18. Rxd4 a6 19. Rb4 Nc5 20. Ne2 Rd7 21.
Nd4 Rc7 22. f5 Re8 23. Re3 Nd7 1/2-1/2

[Event "SR 2. liga A 2012/2013"]
[Site "?"]
[Date "2012.12.16"]
[Round "34.4"]
[White "Blaho, Stefan"]
[Black "Dvorsky, Jozef"]
[Result "1/2-1/2"]
[WhiteElo "2134"]
[BlackElo "2020"]
[PlyCount "56"]
[EventDate "2012.??.??"]
[WhiteTeam "D. Streda B"]
[BlackTeam "Gabcikovo"]

1. d4 f5 2. c4 e6 3. Nf3 Nf6 4. Nc3 d5 5. g3 c6 6. Bg2 Bd6 7. Bf4 O-O 8. Bxd6
Qxd6 9. c5 Qc7 10. Ne5 Nbd7 11. f4 b6 12. b4 Nxe5 13. fxe5 Ne4 14. Bxe4 fxe4
15. Kd2 bxc5 16. bxc5 Ba6 17. Qa4 Bc4 18. Rab1 Rab8 19. Kc2 a6 20. Rxb8 Rxb8
21. Rb1 Bb5 22. Qa3 Qf7 23. Qc1 Qf2 24. Qd2 e3 25. Qe1 Ba4+ 26. Kd3 Bb5+ 27.
Kc2 Ba4+ 28. Kd3 Bb5+ 1/2-1/2

[Event "SR 2. liga A 2012/2013"]
[Site "?"]
[Date "2012.12.16"]
[Round "34.5"]
[White "Balogh, Peter"]
[Black "Rachela, Jozef"]
[Result "1-0"]
[WhiteElo "2013"]
[BlackElo "2093"]
[PlyCount "31"]
[EventDate "2012.??.??"]
[WhiteTeam "Gabcikovo"]
[BlackTeam "D. Streda B"]

1. e4 e5 2. Nf3 Nc6 3. Bc4 Bc5 4. O-O Nf6 5. d4 Bxd4 6. Nxd4 Nxd4 7. f4 Ne6 8.
fxe5 Ng8 9. Bxe6 fxe6 10. Qf3 Qe7 11. Bg5 Qc5+ 12. Kh1 Nh6 13. Bxh6 gxh6 14.
Qf7+ Kd8 15. Qf6+ Qe7 16. Qxh8+ 1-0